[Event "Bangkok Cha Am op 18th"]
[Site "Bangkog"]
[Date "2018.04.17"]
[Round "5"]
[White "Duong, Thuong Cong"]
[Black "Kim, Daeil"]
[Result "1-0"]
[WhiteElo "1984"]
[BlackElo "1690"]
[PlyCount "77"]
[EventDate "2018.04.13"]
[EventType "swiss"]
[EventRounds "9"]
[EventCountry "THA"]
[SourceTitle "CBM 184 Extra"]
[Source "ChessBase"]
[SourceDate "2018.06.28"]
[SourceVersion "1"]
[SourceVersionDate "2018.06.28"]
[SourceQuality "1"]

1. e4 e6 2. d4 d5 3. exd5 exd5 4. Bd3 Nc6 5. Ne2 Bd6 6. Nbc3 Nge7 7. Nb5 Bf5 8. Nxd6+ Qxd6 9. Bf4 Qd7 10. c3 0-0 11. 0-0 Rfe8 12. Nc1 Bg6 13. Be2 Nf5 14. Bg4 Nce7 15. Nd3 Qd8 16. Ne5 Nd6 17. Bd7 Rf8 18. Nxg6 Nxg6 19. Bxd6 cxd6 20. Ba4 Qg5 21. Qf3 a6 22. Rfe1 b5 23. Bb3 Ne7 24. Re3 a5 25. Rae1 Ra7 26. Qe2 Nf5 27. Re8 g6 28. Qxb5 Rxe8 29. Qxe8+ Kg7 30. g3 Re7 31. Rxe7 Nxe7 32. Qd8 Qc1+ 33. Kg2 Nf5 34. Qe8 Qxb2 35. Bxd5 Qxc3 36. Qxf7+ Kh6 37. Qf8+ Kg5 38. f4+ Kg4 39. h3+ 1-0

[Event "Bangkok Cha Am op 18th"]
[Site "Bangkog"]
[Date "2018.04.13"]
[Round "1"]
[White "Teerapabpaisit, Wisuwat"]
[Black "Kim, Daeil"]
[Result "1-0"]
[WhiteElo "2164"]
[BlackElo "1690"]
[PlyCount "57"]
[EventDate "2018.04.13"]
[EventType "swiss"]
[EventRounds "9"]
[EventCountry "THA"]
[SourceTitle "CBM 184 Extra"]
[Source "ChessBase"]
[SourceDate "2018.06.28"]
[SourceVersion "1"]
[SourceVersionDate "2018.06.28"]
[SourceQuality "1"]

1. e4 e6 2. d4 d5 3. Nc3 Nf6 4. e5 Nfd7 5. f4 c5 6. Nf3 Nc6 7. Be3 a6 8. Qd2 b5 9. Be2 Bb7 10. 0-0 Rc8 11. a3 Be7 12. Kh1 0-0 13. Rad1 cxd4 14. Nxd4 Na5 15. Qe1 Nc4 16. Bc1 Qc7 17. Rf3 Rfd8 18. Rh3 Nc5 19. b3 Nb6 20. Bb2 Ne4 21. Bd3 g6 22. Bxe4 dxe4 23. Nxe4 Nd5 24. Qg3 Nb4 25. Nd6 Nxc2 26. Nxc8 Qxc8 27. Qc3 Qxc3 28. Rxc3 Nxd4 29. Rc7 1-0